| 000 | 00000nam##2200000za#4500 |
| 001 | 9.574390 |
| 003 | CaOODSP |
| 005 | 20210624184148 |
| 007 | cr ||||||||||| |
| 008 | 150406|2008||||xxc|||||o f|0| 0 eng|d |
| 022 | |a1488-5379 |
| 040 | |aCaOODSP|beng |
| 043 | |an-cn--- |
| 086 | 1 |aFs97-6/2789E-PDF |
| 110 | 1 |aCanada. |bDepartment of Fisheries and Oceans. |
| 245 | 10|aRemote setting and nursing trials of C. virginica in bouncing buckets / |h[electronic resource]|cby R. Sonier, L. A. Comeau and L. Lanteigne. |
| 260 | |aMoncton - New Brunswick : |bFisheries and Oceans Canada |c2008. |
| 300 | |a22p.|bcoloured figs., references, tables, photographs |
| 490 | 1 |aCanadian technical report of fisheries and aquatic sciences|x1488-5379|v2789 |
| 500 | |aThe catalogue number (Fs97-6/2789E) and ISSN (0706-6457) for the print edition have been incorrectly copied in this electronic publication. |
| 546 | |a(Résumé en français) |
| 590 | |a12-33-Supp|b2012-07-18 |
| 720 | 1 |aComeau, L. A. |
| 720 | 1 |aSonier, R. |
| 720 | 1 |aLanteigne, L. |
| 776 | 0#|tRemote setting and nursing trails of C. virginica in bouncing buckets / |w(CaOODSP)9.618790 |
| 830 | #0|aCanadian technical report of fisheries and aquatic sciences,|x1488-5379|v2789|w(CaOODSP)9.504449 |
| 856 | 40|ahttp://publications.gc.ca|qPDF|s415 KB|uhttps://publications.gc.ca/collections/collection_2012/mpo-dfo/Fs97-6-2789-eng.pdf|y2789 |